[Event "EU-Cup 36th"]
[Site "Struga"]
[Date "2021.09.20"]
[Round "3.6"]
[White "Novak, Vjekoslav"]
[Black "Reichardt, Thomas"]
[Result "1/2-1/2"]
[WhiteElo "1721"]
[BlackElo "1793"]
[PlyCount "35"]
[EventDate "2021.09.18"]
[EventType "team-swiss"]
[EventRounds "7"]
[EventCountry "MKD"]
[SourceTitle "CBM 204 Extra"]
[Source "ChessBase"]
[SourceDate "2021.11.30"]
[SourceVersion "1"]
[SourceVersionDate "2021.11.30"]
[SourceQuality "1"]
[WhiteTeam "St Benildus"]
[BlackTeam "En Passant"]
[WhiteTeamCountry "IRL"]
[BlackTeamCountry "NED"]

1. f4 d5 2. Nf3 Nf6 3. e3 g6 4. b3 Bg7 5. Bb2 0-0 6. Be2 c5 7. 0-0 Nc6 8. Ne5 d4 9. Nxc6 bxc6 10. Na3 Be6 11. Nc4 Nd5 12. Bf3 Qc7 13. a3 Rfd8 14. Qe1 Nb6 15. Na5 Nd5 16. Nc4 Nb6 17. Na5 Nd5 18. Nc4 1/2-1/2

[Event "EU-Cup 36th"]
[Site "Struga"]
[Date "2021.09.18"]
[Round "1.18"]
[White "Reichardt, Thomas"]
[Black "Kurochkin, Victor"]
[Result "1-0"]
[WhiteElo "1793"]
[BlackElo "2407"]
[PlyCount "92"]
[EventDate "2021.09.18"]
[EventType "team-swiss"]
[EventRounds "7"]
[EventCountry "MKD"]
[SourceTitle "CBM 204 Extra"]
[Source "ChessBase"]
[SourceDate "2021.11.30"]
[SourceVersion "1"]
[SourceVersionDate "2021.11.30"]
[SourceQuality "1"]
[WhiteTeam "En Passant"]
[BlackTeam "Perfect"]
[WhiteTeamCountry "NED"]
[BlackTeamCountry "MDA"]

1. e4 c5 2. Nf3 d6 3. d4 cxd4 4. Nxd4 Nf6 5. Nc3 a6 6. Bc4 e6 7. 0-0 b5 8. Bd3 Bb7 9. a3 Be7 10. Be3 0-0 11. f3 Nbd7 12. Qe2 Qc7 13. Rad1 d5 14. exd5 Nxd5 15. Nxd5 Bxd5 16. Rfe1 Bd6 17. g3 Nc5 18. Kg2 Qb7 19. Bf2 Nxd3 20. Qxd3 Rad8 21. Rd2 Bb8 22. Red1 Rfe8 23. Qe2 Bd6 24. Nb3 Rc8 25. Bg1 Be7 26. Nd4 Bf6 27. c3 h6 28. Nc2 Rc7 29. Rxd5 exd5 30. Qxe8+ Kh7 31. Qe2 Re7 32. Qd3+ g6 33. Bd4 Bxd4 34. Nxd4 h5 35. Kf2 Qd7 36. Re1 Rxe1 37. Kxe1 Qh3 38. Qe2 Kg8 39. Qe8+ Kg7 40. Qe5+ Kg8 41. Qe2 Kf8 42. Nc6 Kg7 43. Nb4 g5 44. Nc6 g4 45. Qe7 Kg8 46. Qe8+ Kh7 1-0